000 01311nam0a22003011 4500
001 rc\675205
005 20250621205450.0
035 _a(NLR Aleph) 005913202
090 _a6398449
_c6398449
100 _a20031121d1986 |||y0rusy50 ca
101 0 _arus
102 _aRU
105 _aa |||||||||
200 1 _aКогда смотришь в завтра...
_e[Стихи, поэмы
_eПереводы]
_fНаби Назри
_g[Послесл. Б. Набиева
_gХудож. Э. Лазымов]
210 _aБаку
_cЯзычы
_d1986
215 _a245, [4] с.
_cил.
_d17
327 1 _aСодерж.: Циклы: Берег века; Лучи любви; Поэмы: Спутница жизни; Роса и слеза; Меч, вонзенный в землю
464 0 _12001#$aБерег века
_tБерег века
464 0 _12001#$aЛучи любви
_tЛучи любви
464 0 _12001#$aСпутница жизни
_tСпутница жизни
464 0 _12001#$aРоса и слеза
_tРоса и слеза
464 0 _12001#$aМеч, вонзенный в землю
_tМеч, вонзенный в землю
700 1 _aХазри
_bН.
_f1924-
_gНаби
801 0 _aRU
_bNLR
_gpsbo
801 1 _aRU
_bELAR
_2rusmarc
852 _aNLR
_j87-2/63
942 _cBOOK
980 _aNB